000 00539nam a2200193Ia 4500
999 _c9899
_d9899
003 OSt
005 20191218135746.0
008 190216s9999||||xx |||||||||||||| ||und||
020 _a8121902983
040 _coclc
082 _a330.954
_bDAT/I
100 _aDatt, Ruddar
_9509
245 0 _aIndian Economy /
_cRuddar Datt ; K P M Sundharam
250 _a32nd edn.
260 _bS Chand & Company,
_c1995.
_aNew Delhi:
300 _a844p
650 _aEconomics
942 _cBK
_2ddc
_h330.954
_iDAT/I
_k330.954
_mDAT/I